| 000 | 00411nam a22001697a 4500 | ||
|---|---|---|---|
| 003 | MPLRDC | ||
| 005 | 20220104143319.0 | ||
| 008 | 210129b ||||| |||| 00| 0 eng d | ||
| 020 | _a983-71-0805-3 | ||
| 082 | _a524.961 AD v.3 | ||
| 100 | _a不详 | ||
| 245 |
_a华文理解语法2合1. 3年级 _c |
||
| 260 |
_a _b代理员文摘有限公司 _c |
||
| 300 | _b平 | ||
| 650 | _a | ||
| 942 |
_cBK _o524.961 AD v.3 |
||
| 999 |
_c38706 _d38696 |
||